Diplomacia vodných zdrojov: nástroj pri predchádzaní a riešení medzinárodných konfliktov o vodné zdroje diplomová práca

Saved in:
Bibliographic Details
Main Author: Jurovčíková, Mária
Corporate Author: Fakulta medzinárodných vzťahov EU. Katedra medzinárodných ekonomických vzťahov a hospodárskej diplomacie
Other Authors: Cséfalvayová, Katarína
Format: Book
Language:Slovak
Published: Bratislava 2016
Tags: Add Tag
No Tags, Be the first to tag this record!

MARC

LEADER 00000nbm a2200000 4500
001 0221454
005 20170209153905.5
041 0 |a slo 
044 |a SK 
245 1 0 |a Diplomacia vodných zdrojov: nástroj pri predchádzaní a riešení medzinárodných konfliktov o vodné zdroje  |b diplomová práca  |c Mária Jurovčíková ; školiteľ: Katarína Cséfalvayová 
264 1 |a Bratislava  |c 2016 
300 |a 102 s. 
100 1 |a Jurovčíková, Mária 
700 1 |a Cséfalvayová, Katarína 
710 2 |a Fakulta medzinárodných vzťahov EU. Katedra medzinárodných ekonomických vzťahov a hospodárskej diplomacie